| 000 | 00780nam a2200265 i 4500 | ||
|---|---|---|---|
| 001 | C2-0247146 | ||
| 003 | PPAK | ||
| 005 | 20180727211755.0 | ||
| 008 | 030326s2000 enka|||| ||||| | eng d | ||
| 020 | _a0751363952 | ||
| 040 |
_aPPAK _beng _cPPAK _erda |
||
| 082 | 0 | 4 |
_a796.357 _223 |
| 090 | 0 | 0 |
_a796.357 _bKEL _dR |
| 100 | 1 |
_aKelley, James, _eauthor |
|
| 245 | 1 | 0 | _aBaseball |
| 264 | 1 |
_aLondon : _bDorling Kindersley , _c2000 |
|
| 300 |
_a64 pages : _bcolour illustrations ; _c29 cm |
||
| 336 |
_2rdacontent _atext |
||
| 337 |
_2rdamedia _aunmediated |
||
| 338 |
_2rdacarrier _avolume |
||
| 490 | 1 | _aEyewitness guides | |
| 650 | 1 | 0 | _aBaseball teams - United States ; Basebal - United States - History ; Baseball - History |
| 830 | 0 | _aEyewitness guides | |
| 942 |
_ddc _cB |
||
| 999 |
_c61032 _d61032 |
||